Poesie

Αποθηκεύτηκε σε:
Λεπτομέρειες βιβλιογραφικής εγγραφής
Κύριος συγγραφέας: Carducci, Giosué
Μορφή: Βιβλίο
Γλώσσα:Undetermined
Έκδοση: Roma, Italia G. Barbera 1857
Έκδοση:2
Θέματα:
Ετικέτες: Προσθήκη ετικέτας
Δεν υπάρχουν, Καταχωρήστε ετικέτα πρώτοι!

MARC

LEADER 00000nam a2200000Ia 4500
008 170316s9999 xx 000 0 und d
040 |a cru BVZT 
090 |a 850 C-1p 
100 |a Carducci, Giosué 
245 |a Poesie 
250 |a 2 
260 |a Roma, Italia 
260 |b G. Barbera 
260 |c 1857 
300 |a 352 páginas 
650 |a LITERATURA ITALIANA 
999 |c 8123  |d 8123 
942 |c 15 D  |h 850 C-1p  |2 z